000 00607nam a2200181Ia 4500
008 100917s9999 xx 000 0 und d
082 _b42324
100 _aअविनाश
245 _aशुन्याचे भवनी स्वरूप
260 _bजीवन जागृती प्रकाशन
_c1979
300 _a145
365 _b15
520 _aअध्यात्म
630 _aशुन्याचे भवनी स्वरूप
650 _aअध्यात्म
730 _aशुन्याचे भवनी स्वरूप
942 _cBOOK
999 _c647718
_d647715